000 02162cam a2200289 4500
001 11097
003 BJBSDDR
005 20240819113734.0
007 ta
008 060907n2011 sp spa
020 _a9788420652801 (paperback)
040 _bspa
_cBJBSDDR
041 _aspa
050 1 4 _bA832r 2011
082 0 0 _a937.02
100 1 _aAsimov, Isaac,
_d1920-1992.
_99360
245 1 3 _aLa República romana /
_cIsaac Asimov.
260 _aMadrid :
_bAlianza,
_c2011.
300 _a327 páginas ;
_c18 cm.
490 1 _aHistoria universal Asimov,
505 _a1. Los siete reyes-- 2. Supervivencia de la República-- 3. La conquista de Italia-- 4. La conquista de Sicilia-- 5. Aníbal-- 6. La conquista de Oriente-- 7. Conmociones internas-- 8. Sila y Pompeyo-- 9. El triunvirato-- 10. Cesar-- 11. El fin de la República.
520 _aLa serie informalmente titulada «Historia Universal Asimov» reúne las obras dedicadas por el gran novelista y divulgador científico a la evolución política, cultural y material de la especie humana. «La República Romana» abarca el lapso transcurrido entre la fundación de Roma en 753 a.C. y el 29 a.C. -momento en el que Octavio se hace con el poder absoluto-, y comprende el periodo monárquico, el ascenso de Roma a gran potencia tras su triunfo en las Guerras Púnicas y las diferentes guerras civiles que pusieron fin al periodo republicano. La serie informalmente titulada «Historia Universal Asimov» reúne las obras dedicadas por el gran novelista y divulgador científico a la evolución política, cultural y material de la especie humana. «La República Romana» abarca el lapso transcurrido entre la fundación de Roma en 753 a.C. y el 29 a.C. -momento en el que Octavio se hace con el poder absoluto-, y comprende el periodo monárquico, el ascenso de Roma a gran potencia tras su triunfo en las Guerras Púnicas y las diferentes guerras civiles que pusieron fin al periodo republicano.
651 0 _aRome
_xHistory
_yRepublic, 510-30 B.C.
_xJuvenile literature.
700 1 _aMíguez, Néstor A.,
_d1948-
_938021
_eeditor.
942 _2lcc
_cBK
946 _irmza
999 _c121953
_d121953